000 00462nam a2200181Ia 4500
005 20250326124036.0
008 250326s9999 xx 000 0 und d
037 _aTextbook
040 _aFMSL
_beng
_cFMSL
041 _aeng
_2eng
084 _aX L85
_qFMSL
100 _aParker J E S
245 0 _aEconomics of innovation
_cParker J E S
260 _aNY
_bNY, Longman
_c1978
300 _a396p
942 _cTB
_hX L85
999 _c1272020
_d1272020